000 00432nam a2200133Ia 4500
008 100328s9999 xx 000 0 und d
082 _b13106
100 _aवझे यशवंत गणेश
245 _aनौका आणि नाविक कथा
260 _bआनंद
630 _aनौका आणि नाविक कथा
730 _aनौका आणि नाविक कथा
942 _cBOOK
999 _c508307
_d508304